00511 2200169 4500001002100000005001500021035002000036008004100056082001700097084002500114100002000139245003800159260007100197300002800268650002500296650002000321INLIS00000000001140520260416085750 a0010-1024000009260416 0  a959.85984762 aR 959.85984762 ABU s0 aAbu Hamid, Haji1 aSejarah Bone /cH. Abu Hamid, dkk aWatampone :bDinas Kebudayaan dan Pariwisata Kabupaten Bone,c2007 ax + 294 hlm. ;c20,5 cm 4aKoleksi Muatan Lokal 4aBone -- Sejarah